zpět

Detail výsledku týmu

Studentský klub, Opava

Datum a čas kvízu

37.5 Celkem bodů Celkový počet nahraných bodů na tomto kvízu bez doplňovacích otázek.
1. Pořadí na kvízu Konečné umístění týmu na tomto kvízu.

Zaznamenané odpovědi

# Otázka Odpověď Body Výsledky
1. Ve středu se v Česku uskutečni... 0
2. Drobná africká monarchie slaví... 0
3. Pořadatelé karlovarského filmo... 1
4. Česko a Slovensko dostaly od E... 1
5. Všechny tyto události se staly... 1
6. Ve kterém městě (má asi 50 000... 1
7. Velký úspěch minulý rok zaznam... 0
8. Olga Sommerová je od roku 2014... 1
9. Režisérka Helena Třeštíková na... 0
10. Seřaďte tyto dokumenty podle j... 1